000 00837nam a2200289 a 4500
005 20191224041821.0
008 160220b1996 ck ||||gr|||| 00| 0 spa d
020 _a9589769047
040 _aCO-BoIAVH
_cCO-BoIAVH
041 _aspa
082 0 4 _a338.14
_bC35p
100 1 _aCastro, Carlos Julio
245 1 _aProductividad responsable en el campo
260 _aBogotá
_bCAR
_bKFW
_bGTZ
_c1996
300 _a157 p. :
_bilustraciones. ;
_c21 x 20 cm
650 6 _aPlagas
650 6 _aSiembra
650 6 _aRemedios
650 6 _aCultivos
700 1 _aSolanilla, Rosalbina
700 1 _aOtero , Wilson A.
700 1 _aQuintero, Carlos
700 1 _aDe la Rosa, Alberto
700 1 _aMoosbrugger, Werner
942 _cLIBRO
_2ddc
945 _d2008-11-21
999 _c5947
_d5947